| 000 | 00677nam a2200181 i 4500 | ||
|---|---|---|---|
| 001 | 41919 | ||
| 003 | ES-MaACL | ||
| 005 | 20250811071522.0 | ||
| 007 | t| | ||
| 008 | 030312s1966 sp ||||1| spa d | ||
| 100 | 1 |
_aCastán Tobeñas, José, _d1889-1969 _936392 |
|
| 245 | 1 | 3 |
_aLa idea de justicia social / _cdiscurso leído por José Castán Tobeñas en la apertura de los Tribunales celebrada el 15 de septiembre de 1966. |
| 260 |
_aMadrid : _bSecretaría General Técnica del Ministerio de Justicia, _c1966. |
||
| 300 |
_a86 p. ; _c24 cm. |
||
| 710 | 1 |
_aEspaña. _bMinisterio de Justicia _93895 |
|
| 852 |
_aES-MaACL _jC-30469 _bR.60969 |
||
| 999 |
_c41919 _d41919 |
||